Normal view
MARC view
- Mushtaq, Savera
Entry Personal Name
001 - CONTROL NUMBER
- control field: 120288
003 - CONTROL NUMBER IDENTIFIER
- control field: NUST
005 - DATE AND TIME OF LATEST TRANSACTION
- control field: 20240212102828.0
008 - FIXED-LENGTH DATA ELEMENTS
- fixed length control field: 240212|| aca||aabn | a|a d
040 ## - CATALOGING SOURCE
- Original cataloging agency: NUST
- Transcribing agency: NUST
100 ## - HEADING--PERSONAL NAME
- Personal name: Mushtaq, Savera
670 ## - SOURCE DATA FOUND
- Source citation: Work cat.: (NUST): Mushtaq, Savera, NeuralGrip: Enhanced Motor Imagery Training and Testing for Assistive Robots Using Deep Learning and Advanced Data Augmentation Techniques/
